Richard Scarry's Best word book ever. (Record no. 1435)

MARC details
000 -LEADER
fixed length control field 00980cam a2200301 i 4500
005 - DATE AND TIME OF LATEST TRANSACTION
control field 20260322212100.0
008 - FIXED-LENGTH DATA ELEMENTS--GENERAL INFORMATION
fixed length control field data
010 ## - LIBRARY OF CONGRESS CONTROL NUMBER
LC control number 80050940
020 ## - INTERNATIONAL STANDARD BOOK NUMBER
International Standard Book Number 0307155102 :
Terms of availability {dollar}5.95
020 ## - INTERNATIONAL STANDARD BOOK NUMBER
International Standard Book Number 9780307155108 :
Terms of availability {dollar}5.95
040 ## - CATALOGING SOURCE
Original cataloging agency DLC
Transcribing agency DLC
Modifying agency DLC
042 ## - AUTHENTICATION CODE
Authentication code lcac
050 00 - LIBRARY OF CONGRESS CALL NUMBER
Classification number PE1449
Item number .S29 1980
082 00 - DEWEY DECIMAL CLASSIFICATION NUMBER
Classification number [E]
Edition information 19
099 ## - LOCAL FREE-TEXT CALL NUMBER (OCLC)
Classification number RE
001 - CONTROL NUMBER
control field data
100 1# - MAIN ENTRY--PERSONAL NAME
Personal name Scarry, Richard.
240 10 - UNIFORM TITLE
Uniform title Best word book ever
245 10 - TITLE STATEMENT
Title Richard Scarry's Best word book ever.
Statement of responsibility, etc. Richard Scarry.
250 ## - EDITION STATEMENT
Edition statement 1st rev. ed.
260 ## - PUBLICATION, DISTRIBUTION, ETC.
Place of publication, distribution, etc. New York :
Name of publisher, distributor, etc. Golden Press,
Date of publication, distribution, etc. 1980.
300 ## - PHYSICAL DESCRIPTION
Extent 71 p. :
Other physical details col. ill. ;
Dimensions 31 cm.
520 ## - SUMMARY, ETC.
Summary, etc. A pictorial vocabulary book with words grouped under common activities such as mealtime and basic concepts such as weather.
650 #0 - SUBJECT ADDED ENTRY--TOPICAL TERM
Topical term or geographic name entry element Vocabulary
General subdivision Juvenile literature.
650 #1 - SUBJECT ADDED ENTRY--TOPICAL TERM
Topical term or geographic name entry element Vocabulary.
740 0# - ADDED ENTRY--UNCONTROLLED RELATED/ANALYTICAL TITLE
Uncontrolled related/analytical title Best word book ever.
856 42 - ELECTRONIC LOCATION AND ACCESS
Materials specified Publisher description
Uniform Resource Identifier <a href="http://www.loc.gov/catdir/enhancements/fy1110/80050940-d.html">http://www.loc.gov/catdir/enhancements/fy1110/80050940-d.html</a>
Holdings
Withdrawn status Lost status Damaged status Not for loan Home library Current library Shelving location Date acquired Total checkouts Full call number Barcode Date last seen Price effective from Koha item type
        Centerville Centerville General stacks 22/03/2026   [E] 19 BC0011482 22/03/2026 22/03/2026 Books